La imputación objetiva en el delito culposo de resultado

Gardado en:
Detalles Bibliográficos
Autor Principal: Raffaele Castaldo, Andrea (Author)
Formato: Libro
Idioma:Lingua castelá
Publicado: Montevideo B de F Ltda 2008
Series:Maestros del Derecho Penal, 16
Subjects:
Tags: Engadir etiqueta
Sen Etiquetas, Sexa o primeiro en etiquetar este rexistro!

MARC

LEADER 00000cam a2200000 a 4500
001 UCG8867
003 CL-VaPUC
008 120106e20080000UY |||||||||||||||||spa|d
020 |a 9974578426 
082 0 4 |a 345  |b RAF  |2 21 
100 0 |a Raffaele Castaldo, Andrea  |e author  |9 560125 
245 1 3 |a La imputación objetiva en el delito culposo de resultado 
300 |a 272 p 
942 |c BK 
945 |d 20120106 00:00:00  |a dcastane 
260 |a Montevideo  |b B de F Ltda  |c 2008 
650 7 |a DERECHO PENAL  |2 CL-VaPUC  |9 11 
650 0 |a Delitos  |9 224143 
650 7 |a CULPA  |2 CL-VaPUC  |9 372629 
583 |a last modification  |c 20120106 11:45:00  |k Rodrigo Vera 
490 0 |a Maestros del Derecho Penal, 16 
999 |c 346455  |d 346453 
952 |0 0  |1 0  |4 0  |6 345_000000000000000_RAF_2008  |7 0  |8 A  |9 447144  |a BIBDER  |b BIBDER  |d 2019-11-22  |i 4816951  |o 345 RAF 2008  |p 4816951  |r 2023-01-25  |w 2019-11-22  |y BK  |k DER